[Event "15th European Club Cup Women"]
[Site "Plovdiv BUL"]
[Date "2010.10.22"]
[Round "6"]
[White "Zaiatz, Elena"]
[Black "Melia, Salome"]
[Result "1-0"]
[WhiteTitle "IM"]
[BlackTitle "IM"]
[WhiteElo "2407"]
[BlackElo "2439"]
[Board "3.3"]
[WhiteTeam "Giprorechtrans"]
[BlackTeam "Samaia Tbilisi"]
[WhiteFideId "4139518"]
[BlackFideId "13602446"]
[EventType "team"]

1. d4 d5 2. c4 e6 3. Nc3 Be7 4. cxd5 exd5 5. Bf4 c6 6. e3 Bf5 7. Nge2 Nd7 8. Ng3
Bg6 9. Be2 Ngf6 10. h4 h5 11. a3 Nb6 12. Rc1 Kf8 13. O-O Ne8 14. e4 Bxh4 15.
exd5 cxd5 16. Bf3 Bg5 17. Nge2 h4 18. a4 Bh5 19. Qd3 Bxf3 20. Qxf3 a5 21. Bxg5
Qxg5 22. Nf4 Rh6 23. Ncxd5 Nxd5 24. Nxd5 h3 25. g3 Rd8 26. Rc5 Qd2 27. Qe3 Qxe3
28. fxe3 h2+ 29. Kh1 Nd6 30. Nc3 Re8 31. Rf2 Rxe3 32. Rxh2 Rxg3 33. Rxh6 gxh6
34. Rxa5 Kg7 35. Rd5 Nc4 36. Rb5 Nxb2 37. Ne2 Ra3 38. Rxb2 Rxa4 39. Kg2 Ra7 40.
Kf3 Kf6 41. Nf4 Kg5 42. Ke4 Ra1 43. Rg2+ Kf6 44. Nd5+ Ke6 45. Ne3 b5 46. Rh2 b4
47. Rxh6+ Kd7 48. Rb6 Rb1 49. d5 b3 50. Nc4 f6 51. Nd2 Re1+ 52. Kd3 f5 53. Nxb3
f4 54. Nc5+ Kc7 55. Rc6+ Kb8 56. Rf6 Rc1 57. Kd4 Rd1+ 58. Ke5 Rc1 59. Ne4 Kc7
60. Rf7+ Kd8 61. Kd6 Ke8 62. Rxf4 Rc4 63. Nf6+ Kd8 64. Rg4 1-0

[Event "15th European Club Cup Women"]
[Site "Plovdiv BUL"]
[Date "2010.10.22"]
[Round "6"]
[White "Vasiliev, Olga"]
[Black "Videnova, Iva"]
[Result "1-0"]
[WhiteTitle "WIM"]
[BlackTitle "WIM"]
[WhiteElo "2293"]
[BlackElo "2283"]
[Board "4.2"]
[WhiteTeam "Ashdod Elite CC"]
[BlackTeam "Lokomotiv 2000"]
[WhiteFideId "2807602"]
[BlackFideId "2907763"]
[EventType "team"]

1. e4 c5 2. Nf3 d6 3. d4 cxd4 4. Nxd4 Nf6 5. Nc3 g6 6. f4 Bg7 7. Nf3 O-O 8. Bd3
Qb6 9. Qe2 Nc6 10. h3 Bd7 11. g4 e6 12. Qe3 Qc7 13. O-O Nb4 14. Bd2 Nxd3 15.
cxd3 Bc6 16. Rac1 Qe7 17. d4 d5 18. e5 Ne4 19. Nxe4 dxe4 20. Ng5 Qd7 21. Bb4
Rfd8 22. Bd6 Bf8 23. Bxf8 Kxf8 24. f5 exf5 25. gxf5 Qxd4 26. Qxd4 Rxd4 27. fxg6
hxg6 28. Ne6+ 1-0

[Event "15th European Club Cup Women"]
[Site "Plovdiv BUL"]
[Date "2010.10.22"]
[Round "6"]
[White "Dotan, Valeria"]
[Black "Janeva, Mariya"]
[Result "1/2-1/2"]
[WhiteTitle "WFM"]
[WhiteElo "2104"]
[BlackElo "2042"]
[Board "4.4"]
[WhiteTeam "Ashdod Elite CC"]
[BlackTeam "Lokomotiv 2000"]
[WhiteFideId "2803607"]
[BlackFideId "2906554"]
[EventType "team"]

1. d4 d6 2. c4 e5 3. Nc3 Nf6 4. e4 Be7 5. Be2 O-O 6. Nf3 Nbd7 7. O-O Re8 8. Qc2
c6 9. Rb1 a5 10. a3 Bf8 11. b4 axb4 12. axb4 exd4 13. Nxd4 Nb6 14. Rd1 Qe7 15.
Be3 Nxe4 16. Nxe4 Qxe4 17. Bd3 Qg4 18. Bxh7+ Kh8 19. Bd3 d5 20. c5 Nd7 21. Be2
Qe4 22. Qxe4 Rxe4 23. Ra1 Rxa1 24. Rxa1 Nf6 25. Ra8 Re8 26. Kf1 g6 27. Bf3 Kg7
28. Ke1 Nd7 29. Kd2 Ne5 30. Be2 f6 31. f4 Nd7 32. f5 Ne5 33. g4 Kf7 34. fxg6+
Nxg6 35. g5 f5 36. Bh5 Bg7 37. Nf3 Rh8 38. Bxg6+ Kxg6 39. h4 Rf8 40. Bf4 Kh5 41.
Be5 Bxe5 42. Nxe5 Rg8 43. Ke3 Re8 44. Kf4 d4 45. Ra3 Be6 46. Rd3 Rd8 47. Nf3 Ra8
48. Rxd4 Ra4 49. Ke5 Bd5 50. Nd2 Kg6 51. Rf4 Ra3 52. Nc4 Bxc4 53. Rxc4 Re3+ 54.
Kf4 Rh3 55. Ke5 Re3+ 1/2-1/2

[Event "15th European Club Cup Women"]
[Site "Plovdiv BUL"]
[Date "2010.10.22"]
[Round "6"]
[White "Fierro Baquero, Martha L."]
[Black "Kononenko, Tatiana"]
[Result "1/2-1/2"]
[WhiteTitle "IM"]
[BlackTitle "IM"]
[WhiteElo "2368"]
[BlackElo "2384"]
[Board "5.1"]
[WhiteTeam "CS Fischer Chieti"]
[BlackTeam "USV Volksbank Halle"]
[WhiteFideId "3600270"]
[BlackFideId "14102358"]
[EventType "team"]

1. e4 e6 2. d4 d5 3. Nd2 c5 4. exd5 exd5 5. Ngf3 Nf6 6. Bb5+ Bd7 7. Bxd7+ Nbxd7
8. O-O Be7 9. dxc5 Nxc5 10. Nb3 Nce4 11. Nfd4 Qd7 12. f3 Nd6 13. Nc5 Qc7 14. Nd3
O-O 15. Be3 Rfe8 16. Bf2 Rac8 17. c3 1/2-1/2

[Event "15th European Club Cup Women"]
[Site "Plovdiv BUL"]
[Date "2010.10.22"]
[Round "6"]
[White "Belic, Jordanka"]
[Black "Zimina, Olga"]
[Result "1/2-1/2"]
[WhiteTitle "WGM"]
[BlackTitle "IM"]
[WhiteElo "2297"]
[BlackElo "2334"]
[Board "5.2"]
[WhiteTeam "USV Volksbank Halle"]
[BlackTeam "CS Fischer Chieti"]
[WhiteFideId "4617304"]
[BlackFideId "4132190"]
[EventType "team"]

1. e4 e5 2. Nf3 Nc6 3. Bc4 Bc5 4. c3 Nf6 5. d3 O-O 6. Nbd2 d5 7. exd5 Nxd5 8.
O-O Nb6 9. Bb5 Bg4 10. h3 Bh5 11. Re1 Bd6 12. Bxc6 bxc6 13. Ne4 Qd7 14. Ng3 Bxf3
15. Qxf3 f5 16. Nf1 Rae8 17. Bd2 Nd5 18. c4 Nf6 19. Bc3 e4 20. dxe4 Nxe4 21.
Red1 Qe6 22. Rac1 Ng5 23. Qh5 Ne4 24. Qf3 Qg6 25. Kh1 Qh6 26. Ng3 Bc5 27. Rc2
Ng5 28. Qh5 Qxh5 29. Nxh5 Ne4 30. Rd7 Rf7 31. Rxf7 Kxf7 32. Nxg7 Rd8 33. Nxf5
Rd1+ 34. Kh2 Nxf2 35. g3 Ne4 36. Kg2 h5 37. g4 Rg1+ 38. Kh2 Ng5 39. Nh4 hxg4 40.
hxg4 Rxg4 41. Be1 Bd6+ 42. Kh1 Nh3 43. Ng2 Rg8 44. c5 Be5 45. Bc3 Bg3 46. Be1
Bxe1 47. Nxe1 Rg1+ 48. Kh2 Rxe1 49. Kxh3 Ke6 50. Kg3 Kd5 51. Kf3 Kd4 52. Rc3 Rh1
53. Kf4 Rh2 54. Rb3 Kxc5 55. Rb7 a5 56. Ke3 a4 57. Kd3 a3 58. bxa3 Rxa2 59. Rxc7
Rxa3+ 60. Kc2 Rh3 61. Rg7 Kb4 62. Rg4+ Kb5 63. Rf4 c5 64. Rg4 c4 65. Rg8 Rh2+
66. Kc3 Rh3+ 67. Kc2 1/2-1/2

[Event "15th European Club Cup Women"]
[Site "Plovdiv BUL"]
[Date "2010.10.22"]
[Round "6"]
[White "Straub, Natalia"]
[Black "Di Primio, Eugenia"]
[Result "1-0"]
[WhiteTitle "WGM"]
[WhiteElo "2224"]
[BlackElo "1984"]
[Board "5.4"]
[WhiteTeam "USV Volksbank Halle"]
[BlackTeam "CS Fischer Chieti"]
[WhiteFideId "14102757"]
[BlackFideId "821942"]
[EventType "team"]

1. d4 f5 2. g3 g6 3. Bg2 Bg7 4. Nf3 Nf6 5. O-O O-O 6. Nbd2 d6 7. c3 Nc6 8. b4
Qe8 9. Qb3+ e6 10. a4 a5 11. b5 Nd8 12. Ba3 Nf7 13. Rfe1 Qd8 14. e4 Nxe4 15.
Nxe4 fxe4 16. Rxe4 Bd7 17. Bh3 Ng5 18. Nxg5 Qxg5 19. Bxe6+ Bxe6 20. Qxe6+ Kh8
21. f4 Qf6 22. Rae1 h6 23. Qd7 g5 24. Bc1 Rac8 25. Re7 Kh7 26. R1e6 1-0

[Event "15th European Club Cup Women"]
[Site "Plovdiv BUL"]
[Date "2010.10.22"]
[Round "6"]
[White "Bojkovic, Natasa"]
[Black "Borosova, Zuzana"]
[Result "1/2-1/2"]
[WhiteTitle "IM"]
[BlackTitle "WIM"]
[WhiteElo "2368"]
[BlackElo "2277"]
[Board "6.1"]
[WhiteTeam "BAS Beograd"]
[BlackTeam "KSC Komarno"]
[WhiteFideId "908550"]
[BlackFideId "14905779"]
[EventType "team"]

1. e4 e5 2. Nf3 Nc6 3. Bb5 a6 4. Ba4 Nf6 5. d3 d6 6. c3 Bd7 7. O-O g6 8. Re1 Bg7
9. Nbd2 O-O 10. Nf1 Nh5 11. Bg5 f6 12. Bh4 Kh8 13. d4 Qe8 14. Bb3 Bg4 15. Ne3
Bxf3 16. Qxf3 exd4 17. Nd5 Qd7 18. cxd4 Nxd4 19. Qd1 f5 20. Rc1 Rac8 21. Ne7 f4
22. Nxc8 f3 23. Bc4 Nf4 24. Bg3 Nxg2 25. e5 Nxe1 26. Qxd4 Ng2 27. Nxd6 cxd6 28.
Qxd6 Qg4 29. e6 Qg5 30. Rd1 h5 31. Qd5 Qf6 32. e7 Re8 33. Qf7 Qxe7 34. Qxf3 Nh4
35. Qf7 Qxf7 36. Bxf7 Rf8 37. Rd7 Bf6 38. Rxb7 Nf3+ 39. Kg2 Nh4+ 40. Kh3 Nf5 41.
Kg2 Nh4+ 42. Bxh4 Bxh4 43. f3 Kg7 44. Bc4+ Kh6 45. Bxa6 Rd8 46. Be2 Rd2 47. Kf1
Bf6 48. a4 Rxb2 49. Rxb2 Bxb2 50. Kf2 Bd4+ 51. Kg3 g5 52. h3 Bb6 53. Bb5 Kg7 54.
Be8 h4+ 55. Kg4 Kf6 56. Kh5 Ba5 57. Kg4 Bd2 58. Kh5 Ke7 59. Bc6 Kd6 60. Bb7 Kc7 1/2-1/2

[Event "15th European Club Cup Women"]
[Site "Plovdiv BUL"]
[Date "2010.10.22"]
[Round "6"]
[White "Edes, Zsofia"]
[Black "Gaponenko, Inna"]
[Result "0-1"]
[BlackTitle "IM"]
[WhiteElo "2065"]
[BlackElo "2469"]
[Board "6.2"]
[WhiteTeam "KSC Komarno"]
[BlackTeam "BAS Beograd"]
[WhiteFideId "14912368"]
[BlackFideId "14101181"]
[EventType "team"]

1. d4 Nf6 2. c4 e6 3. Nc3 Bb4 4. Qc2 c5 5. dxc5 Bxc5 6. Nf3 Qb6 7. e3 Qc7 8. a3
b6 9. Be2 Bb7 10. O-O a6 11. h3 Be7 12. b3 d6 13. Nd4 Nbd7 14. Bb2 Rc8 15. Rfc1
g5 16. Bd3 Nc5 17. Bf1 Rg8 18. Re1 h5 19. e4 Ncd7 20. Re3 Ne5 21. Rae1 g4 22. h4
Nfd7 23. g3 Bf8 24. Bc1 Qc5 25. Nce2 Bg7 26. Qd1 Bh6 27. Rc3 Bxc1 28. Nxc1 Qxa3
29. Qd2 Qc5 30. Bg2 b5 31. Rd1 Ke7 32. Nce2 b4 33. Re3 Nf6 34. Nf4 Rgd8 35. Kh1
a5 36. Nb5 Ba6 37. Nd4 a4 38. Ra1 a3 39. Rae1 Bxc4 40. bxc4 Nxc4 41. Qd3 Nxe3
42. Qxe3 Qc3 43. e5 dxe5 44. Qxe5 Qxd4 45. Nd5+ Rxd5 46. Bxd5 Qxe5 0-1

[Event "15th European Club Cup Women"]
[Site "Plovdiv BUL"]
[Date "2010.10.22"]
[Round "6"]
[White "Vasilevich, Tatjana"]
[Black "Kral, Klaudia"]
[Result "1-0"]
[WhiteTitle "IM"]
[WhiteElo "2399"]
[BlackElo "1806"]
[Board "6.3"]
[WhiteTeam "BAS Beograd"]
[BlackTeam "KSC Komarno"]
[WhiteFideId "14101610"]
[BlackFideId "14900084"]
[EventType "team"]

1. d4 d5 2. c4 c6 3. Nf3 Nf6 4. e3 Bf5 5. Nc3 e6 6. Nh4 Bg6 7. Nxg6 hxg6 8. Bd2
Nbd7 9. Rc1 Bd6 10. g3 Qe7 11. a3 dxc4 12. Bxc4 e5 13. Kf1 exd4 14. exd4 Nb6 15.
Bb3 O-O 16. Qf3 Qd7 17. Kg2 Rfe8 18. Rcd1 Bc7 19. Bg5 Nfd5 20. h4 Qf5 21. Rhe1
Qxf3+ 22. Kxf3 f6 23. Bc1 Kh7 24. Ne4 Nd7 25. Bc2 Bb6 26. h5 Nf8 27. hxg6+ Nxg6
28. Nd6 Rxe1 29. Rxe1 Ne7 30. Rxe7 1-0

[Event "15th European Club Cup Women"]
[Site "Plovdiv BUL"]
[Date "2010.10.22"]
[Round "6"]
[White "Kralova, Katarina"]
[Black "Drljevic, Ljilja"]
[Result "0-1"]
[BlackTitle "WIM"]
[WhiteElo "1861"]
[BlackElo "2273"]
[Board "6.4"]
[WhiteTeam "KSC Komarno"]
[BlackTeam "BAS Beograd"]
[WhiteFideId "14927330"]
[BlackFideId "928879"]
[EventType "team"]

1. d4 d6 2. e4 Nf6 3. Nc3 g6 4. Be3 Bg7 5. Qd2 c6 6. Bh6 Bxh6 7. Qxh6 Qb6 8.
O-O-O c5 9. Bb5+ Bd7 10. Bxd7+ Nbxd7 11. Nge2 O-O-O 12. f3 Kb8 13. Qh4 Rc8 14.
Nd5 Nxd5 15. exd5 Nf6 16. Nc3 Rc7 17. dxc5 Qxc5 18. Qd4 Qa5 19. Qa4 Qxa4 20.
Nxa4 b5 21. Nc3 Rhc8 22. Rd4 Kb7 23. a4 Rc4 24. Rxc4 bxc4 25. Re1 Rc7 26. g4 h6
27. h4 Kb6 28. g5 hxg5 29. hxg5 Nh5 30. Nb5 Rd7 31. b4 cxb3 32. cxb3 Nf4 33. Rd1
Nh3 34. f4 Nxf4 35. Rf1 Nd3+ 36. Kd2 Ne5 37. b4 a6 38. Nd4 Rc7 39. a5+ Kb7 40.
Nf3 Nc4+ 41. Ke2 Kc8 42. Nd4 Ne5 43. Nc6 Nxc6 44. dxc6 Rxc6 45. Rxf7 Kd7 46. Rg7
Rc4 47. Rxg6 Rxb4 48. Rg8 Rb5 49. g6 Rxa5 50. g7 Rg5 0-1

[Event "15th European Club Cup Women"]
[Site "Plovdiv BUL"]
[Date "2010.10.22"]
[Round "6"]
[White "Botvinnik, Irina"]
[Black "Khachatourian, Yerazik"]
[Result "1/2-1/2"]
[WhiteTitle "WFM"]
[WhiteElo "2216"]
[BlackElo "2025"]
[Board "7.1"]
[WhiteTeam "Herzliya Chess Club"]
[BlackTeam "Oslo Schakselkap"]
[WhiteFideId "2806088"]
[BlackFideId "12501948"]
[EventType "team"]

1. c4 Nf6 2. g3 c5 3. Bg2 Nc6 4. Nc3 g6 5. a3 Bg7 6. Rb1 a5 7. e3 e5 8. Nge2 O-O
9. O-O d6 10. h3 Bf5 11. d3 h5 12. Nd5 Nxd5 13. cxd5 Ne7 14. Nc3 Nc8 15. Kh2 Nb6
16. b3 Bd7 17. Bd2 a4 18. Qc2 Qc7 19. e4 axb3 20. Qxb3 Ra6 21. Nb5 Bxb5 22. Qxb5
Rfa8 23. f4 exf4 24. Bxf4 Qe7 25. h4 Be5 26. Bxe5 Qxe5 27. Rf4 Qe8 28. a4 Qxb5
29. Rxb5 Nd7 30. g4 hxg4 31. Rxg4 Ne5 32. Rg3 Rxa4 33. Rxb7 R4a7 34. Rb6 Ra6 35.
Rb7 R6a7 36. Rb6 Ra6 37. Rb7 R6a7 1/2-1/2

[Event "15th European Club Cup Women"]
[Site "Plovdiv BUL"]
[Date "2010.10.22"]
[Round "6"]
[White "Johnsen, Sylvia"]
[Black "Len, Irina"]
[Result "0-1"]
[WhiteTitle "WFM"]
[WhiteElo "2030"]
[BlackElo "2065"]
[Board "7.2"]
[WhiteTeam "Oslo Schakselkap"]
[BlackTeam "Herzliya Chess Club"]
[WhiteFideId "1500988"]
[BlackFideId "2805715"]
[EventType "team"]

1. e4 d5 2. exd5 Nf6 3. Nf3 Nxd5 4. d4 Bg4 5. Be2 e6 6. O-O Be7 7. Ne5 Bxe2 8.
Qxe2 O-O 9. c4 Nb6 10. Be3 N8d7 11. Nc3 Re8 12. Rad1 c6 13. Ne4 f6 14. Nf3 Qc7
15. b3 Nf8 16. Rd3 Ng6 17. Nc3 Rad8 18. Rfd1 Bb4 19. g3 Nc8 20. h4 Qa5 21. Bd2
Qf5 22. Qe4 Qh3 23. Nh2 e5 24. d5 f5 25. g4 Qxh2+ 26. Kxh2 fxe4 27. Nxe4 Bxd2
28. R1xd2 Nf4 29. Rc3 cxd5 30. cxd5 Rxd5 31. Rdc2 Nd6 32. Ng5 h6 33. Nf3 Rd3 34.
Rxd3 Nxd3 35. g5 Rf8 36. Kg3 Rxf3+ 0-1

[Event "15th European Club Cup Women"]
[Site "Plovdiv BUL"]
[Date "2010.10.22"]
[Round "6"]
[White "Yakovleva, Tatiana"]
[Black "Reppen, Ellisiv"]
[Result "1-0"]
[WhiteElo "2124"]
[BlackElo "1954"]
[Board "7.3"]
[WhiteTeam "Herzliya Chess Club"]
[BlackTeam "Oslo Schakselkap"]
[WhiteFideId "2802449"]
[BlackFideId "1504959"]
[EventType "team"]

1. d4 Nf6 2. c4 c5 3. e3 g6 4. Nf3 Bg7 5. Bd3 O-O 6. O-O b6 7. Nc3 d6 8. a3 Nbd7
9. Qc2 Re8 10. Rd1 cxd4 11. exd4 Bb7 12. Be2 Rc8 13. h3 d5 14. cxd5 Nxd5 15. Qb3
N7f6 16. Bc4 e6 17. Ne5 a6 18. Bg5 Nxc3 19. bxc3 b5 20. Bf1 Qc7 21. Rac1 Nh5 22.
Nd3 Bd5 23. Qb4 Bf8 24. Qb2 Bd6 25. Qd2 Bxa3 26. Ra1 Bf8 27. Rxa6 Qxc3 28. Qxc3
Rxc3 29. g4 Ng7 30. Ne5 Rec8 31. Bd2 Rb3 32. Rb6 b4 33. Nd7 Be7 34. Nc5 Bf3 35.
Rc1 Rb2 36. Nxe6 Re8 37. Nxg7 Kxg7 38. Be3 Bd8 39. Rb8 Rf8 40. d5 f6 1-0

[Event "15th European Club Cup Women"]
[Site "Plovdiv BUL"]
[Date "2010.10.22"]
[Round "6"]
[White "Almer, Julia"]
[Black "Lian, Marina"]
[Result "1/2-1/2"]
[WhiteElo "1908"]
[BlackElo "1865"]
[Board "7.4"]
[WhiteTeam "Oslo Schakselkap"]
[BlackTeam "Herzliya Chess Club"]
[WhiteFideId "1708848"]
[BlackFideId "2809680"]
[EventType "team"]

1. e4 e6 2. d4 d5 3. Nd2 c5 4. exd5 exd5 5. Ngf3 Nc6 6. Be2 cxd4 7. O-O Bd6 8.
Nb3 Nge7 9. Nbxd4 O-O 10. c3 Bg4 11. h3 Bh5 12. Bg5 Re8 13. Nf5 Bc7 14. Nxe7+
Nxe7 15. Bb5 Qd6 16. g4 Bg6 17. Bh4 Nc6 18. Bg3 Qd7 19. Bxc7 Qxc7 20. Qd2 a6 21.
Ba4 Rad8 22. Rfe1 Be4 23. Nd4 Nxd4 24. Qxd4 Re6 25. Re3 h5 26. gxh5 Qf4 27. Rg3
f6 28. Re1 Re5 29. Bc2 Rde8 30. Bxe4 dxe4 31. Qd7 R8e7 32. Qg4 Qh6 33. Rd1 Qxh5
34. Rd8+ Kh7 35. Qc8 Re8 36. Qxb7 R5e7 37. Rd7 Qf7 38. Qxe4+ f5 39. Qh4+ Kg8 40.
Rxe7 Rxe7 41. Qd4 Re1+ 42. Kh2 Qb7 43. Rg2 Qc7+ 44. f4 Re4 45. Qd5+ Kh8 46. Qxf5
Rxf4 47. Qh5+ Kg8 48. Qd5+ Kf8 49. Qa8+ 1/2-1/2

[Event "15th European Club Cup Women"]
[Site "Plovdiv BUL"]
[Date "2010.10.23"]
[Round "7"]
[White "Pogonina, Natalija"]
[Black "Hou, Yifan"]
[Result "0-1"]
[WhiteTitle "WGM"]
[BlackTitle "GM"]
[WhiteElo "2491"]
[BlackElo "2578"]
[Board "1.2"]
[WhiteTeam "AVS"]
[BlackTeam "Cercle d'Echecs de Monte Carlo"]
[WhiteFideId "4147855"]
[BlackFideId "8602980"]
[EventType "team"]

1. e4 c5 2. Nf3 d6 3. d4 cxd4 4. Nxd4 Nf6 5. Nc3 a6 6. Be2 e6 7. O-O Qc7 8. a4
b6 9. f4 Bb7 10. Bf3 Nbd7 11. Kh1 Be7 12. Qe1 Rd8 13. Qg3 O-O 14. f5 e5 15. Bh6
Ne8 16. Nb3 Kh8 17. Be3 Nef6 18. Qf2 Rfe8 19. Rad1 h6 20. Rd2 Bc6 21. g4 Qb7 22.
Qg2 Nh7 23. Bf2 Ng5 24. h4 Nxf3 25. Qxf3 Nf6 26. Nd5 Bxd5 27. exd5 e4 28. Qg2
Nh7 29. Re1 Bf6 30. Rxe4 Bxb2 31. g5 Qd7 32. Rde2 Re5 33. Rxe5 Bxe5 34. Qg4 b5
35. Nd4 bxa4 36. Nc6 Re8 37. gxh6 gxh6 38. Bd4 Nf6 39. Qf3 Bxd4 40. Nxd4 Rxe2
41. Nxe2 Qe8 42. Ng3 Qe5 43. Qa3 Qxd5+ 44. Kh2 Qd4 45. h5 Ng4+ 46. Kg2 Ne3+ 47.
Kf3 Qg4+ 48. Kf2 Qf4+ 0-1

[Event "15th European Club Cup Women"]
[Site "Plovdiv BUL"]
[Date "2010.10.23"]
[Round "7"]
[White "Cramling, Pia"]
[Black "Muzychuk, Mariya"]
[Result "1/2-1/2"]
[WhiteTitle "GM"]
[BlackTitle "IM"]
[WhiteElo "2509"]
[BlackElo "2464"]
[Board "1.3"]
[WhiteTeam "Cercle d'Echecs de Monte Carlo"]
[BlackTeam "AVS"]
[WhiteFideId "1700030"]
[BlackFideId "14114550"]
[EventType "team"]

1. Nf3 c5 2. c4 Nc6 3. d4 cxd4 4. Nxd4 Nf6 5. Nc3 g6 6. e4 d6 7. Be2 Bg7 8. Be3
O-O 9. O-O Nxd4 10. Bxd4 a5 11. Qd2 Bd7 12. b3 Bc6 13. f3 Nd7 14. Be3 Nc5 15.
Rab1 b6 16. Rfd1 Qb8 17. Bf1 Qb7 18. Nd5 Rfe8 19. Kh1 e6 20. Nc3 Red8 21. Rbc1
Qe7 22. Re1 Rd7 23. Rcd1 Be5 24. Kg1 Qh4 25. h3 Qg3 26. f4 Bg7 27. Qc1 Qh4 28.
Bf2 Qe7 29. Bd3 Qf6 30. Nb5 e5 31. Bb1 Qxf4 32. Qxf4 exf4 33. Rxd6 Rxd6 34. Nxd6
Be5 35. Nb5 Rd8 36. a3 Nxb3 37. Na7 Bb7 38. Bxb6 Rd2 39. Nb5 Bc6 40. Bf2 Bd7 41.
a4 Bc6 42. Rf1 Nd4 43. Nxd4 Bxd4 44. Bxd4 Rxd4 45. Rxf4 Rxc4 46. Ba2 Rxa4 47.
Bxf7+ Kg7 48. Bb3 Rxe4 49. Rf7+ Kh6 50. Rc7 a4 51. Bg8 Re1+ 52. Kf2 Rc1 53. h4
Kh5 54. g3 Rc2+ 55. Ke3 Kg4 56. Bxh7 Kxg3 57. Bxg6 Be4 58. Rxc2 Bxc2 59. Bxc2
Kxh4 60. Bxa4 1/2-1/2

[Event "15th European Club Cup Women"]
[Site "Plovdiv BUL"]
[Date "2010.10.23"]
[Round "7"]
[White "Zhukova, Natalia"]
[Black "Cmilyte, Viktorija"]
[Result "0-1"]
[WhiteTitle "GM"]
[BlackTitle "GM"]
[WhiteElo "2499"]
[BlackElo "2513"]
[Board "2.1"]
[WhiteTeam "Giprorechtrans"]
[BlackTeam "SPb Chess Club"]
[WhiteFideId "14101513"]
[BlackFideId "12801259"]
[EventType "team"]

1. d4 d5 2. c4 e6 3. Nc3 c6 4. Nf3 dxc4 5. a4 Bb4 6. e3 b5 7. Bd2 a5 8. axb5
Bxc3 9. Bxc3 cxb5 10. b3 Bb7 11. bxc4 b4 12. Bb2 Nf6 13. c5 O-O 14. Bb5 Qc7 15.
h3 Bd5 16. O-O Qb7 17. Qe2 Ne4 18. Rfc1 Nc6 19. Ba4 f5 20. Ne1 f4 21. f3 Ng3 22.
Qf2 Qa6 23. e4 Ne2+ 24. Kh2 Nxc1 25. exd5 exd5 26. Bxc1 Rae8 27. Qh4 Re2 28. Bc2
Rxc2 29. Nxc2 b3 30. Qg5 bxc2 31. Qxd5+ Kh8 32. Qe4 Nb4 33. Bd2 Nd3 34. Qe2 Qg6
35. Ra3 Re8 36. Qf1 Qg3+ 37. Kg1 c1=Q 38. Bxc1 Nxc1 39. Rxa5 h6 40. Ra1 Ne2+ 41.
Kh1 Nxd4 0-1

[Event "15th European Club Cup Women"]
[Site "Plovdiv BUL"]
[Date "2010.10.23"]
[Round "7"]
[White "Socko, Monika"]
[Black "Munguntuul, Batkhuyag"]
[Result "1/2-1/2"]
[WhiteTitle "GM"]
[BlackTitle "IM"]
[WhiteElo "2486"]
[BlackElo "2412"]
[Board "2.2"]
[WhiteTeam "SPb Chess Club"]
[BlackTeam "Giprorechtrans"]
[WhiteFideId "1106619"]
[BlackFideId "4900758"]
[EventType "team"]

1. d4 d5 2. c4 e6 3. Nc3 Nf6 4. Nf3 Be7 5. cxd5 exd5 6. Bg5 O-O 7. Qc2 Nbd7 8.
e3 c5 9. Be2 cxd4 10. Nxd4 Nc5 11. O-O Ne6 12. Nxe6 Bxe6 13. Rfd1 Rc8 14. Qb3
Qb6 15. Qxb6 axb6 16. Bf3 Rfd8 17. Bxf6 Bxf6 18. Nxd5 Bxd5 19. Bxd5 Bxb2 20.
Rab1 Kf8 21. g3 Rc2 22. Kg2 b5 23. Bb3 Rxd1 24. Rxd1 Rc7 25. h4 Ke7 26. g4 Ba3
27. Rd5 Rc5 28. Rd4 f6 29. Bd5 b6 30. h5 Bb2 31. Rd3 Be5 32. Be4 Rc4 33. Kf3 h6
34. Rb3 b4 35. Bd5 Rc5 36. Ke4 Bc3 37. Rb1 Kd6 38. Rd1 Ra5 39. f4 Bb2 40. Rd3
Rc5 41. Bb3+ Ke7 42. Kf3 Ra5 43. Rd2 Bc3 44. Rd1 Bb2 45. Ke4 Bc3 46. Bc4 Bb2 47.
Kd3 Rc5 48. Bb3 Bc3 49. Rb1 Kd6 50. Bc4 Ra5 51. Kc2 Ke7 52. Rd1 Ra7 53. Bd5 Ra5
54. Bb3 Rc5 55. Kd3 Bb2 56. Rd2 Bc1 57. Re2 Rc3+ 58. Ke4 Rc5 59. Re1 Bb2 60. Rd1
Ra5 61. Rd3 Ba1 62. Bd5 Kd6 63. f5 Ke7 64. Be6 Ra7 65. Rb3 Bc3 66. Rb1 Ra5 67.
Kd3 Kd6 68. Rd1 Ke7 69. Kc2 Ra7 70. a4 Be5 71. Kb3 Bd6 72. Bc4 Rc7 73. e4 Rc8
74. Rd5 Rc5 75. Rd3 Rc8 76. Rd5 Rc5 77. Rd3 Rc8 78. Rd5 Rc5 1/2-1/2

[Event "15th European Club Cup Women"]
[Site "Plovdiv BUL"]
[Date "2010.10.23"]
[Round "7"]
[White "Zaiatz, Elena"]
[Black "Arakhamia-Grant, Ketevan"]
[Result "1-0"]
[WhiteTitle "IM"]
[BlackTitle "GM"]
[WhiteElo "2407"]
[BlackElo "2451"]
[Board "2.3"]
[WhiteTeam "Giprorechtrans"]
[BlackTeam "SPb Chess Club"]
[WhiteFideId "4139518"]
[BlackFideId "13600168"]
[EventType "team"]

1. d4 Nf6 2. c4 g6 3. Nc3 Bg7 4. e4 d6 5. Be2 O-O 6. Bg5 Na6 7. f4 c6 8. Nf3 Nc7
9. Bh4 b5 10. e5 Ng4 11. Qd2 bxc4 12. h3 Nh6 13. Bxc4 d5 14. Be2 f6 15. g4 Nf7
16. Bg3 fxe5 17. dxe5 c5 18. Na4 Ne6 19. Rc1 c4 20. Rd1 Bb7 21. f5 gxf5 22. gxf5
Nc7 23. O-O Bc8 24. Nd4 Nxe5 25. Qe3 Qd6 26. Bh5 Qf6 27. Nf3 Qxf5 28. Ng5 d4 29.
Qc1 Qd7 30. Rxf8+ Kxf8 31. Rf1+ Kg8 32. Bxe5 Bxe5 33. Qxc4+ e6 34. Rf7 Qd8 35.
Nf3 Bb7 36. Nxe5 Qg5+ 37. Ng4 Qxh5 38. Nf6+ Kxf7 39. Nxh5 Rg8+ 40. Kf2 Rg2+ 41.
Kf1 Ba6 42. Qxa6 Nxa6 43. Kxg2 Kg6 44. Ng3 Kg5 45. Kf3 Kh4 46. Ne4 Nb4 47. a3
Nc6 48. Nac5 Ne5+ 49. Kg2 Nc4 50. Nd3 h6 51. a4 Ne3+ 52. Kf3 Kxh3 53. Nf4+ Kh2
54. Nxe6 Nc2 55. Nf4 Kg1 56. Ke2 Nb4 57. Nd6 Nc6 58. Nf5 Kh2 59. Kd3 a5 60. Nxh6
Kg3 61. Ne2+ Kf2 62. Nxd4 Nb4+ 63. Kc4 Ke1 64. Ng4 Kd1 65. Ne5 Kc1 66. b3 Kb2
67. Nd3+ 1-0

[Event "15th European Club Cup Women"]
[Site "Plovdiv BUL"]
[Date "2010.10.23"]
[Round "7"]
[White "Nikolova, Adriana"]
[Black "Danielian, Elina"]
[Result "1/2-1/2"]
[WhiteTitle "WIM"]
[BlackTitle "IM"]
[WhiteElo "2295"]
[BlackElo "2466"]
[Board "3.1"]
[WhiteTeam "Lokomotiv 2000"]
[BlackTeam "MIKA Yerevan"]
[WhiteFideId "2908689"]
[BlackFideId "13300210"]
[EventType "team"]

1. e4 e6 2. d4 d5 3. Nd2 c5 4. Ngf3 Nf6 5. exd5 exd5 6. Bb5+ Bd7 7. Bxd7+ Nbxd7
8. O-O Be7 9. dxc5 Nxc5 10. Re1 O-O 11. Nf1 Re8 12. c3 b5 13. Be3 Nfe4 14. Bd4
Qc7 15. Ne3 Rad8 16. b4 Ne6 17. Nxd5 Rxd5 18. Rxe4 Red8 19. Qe1 Nxd4 20. cxd4
Bf8 21. Rc1 Qb7 22. Re8 g6 23. Rc2 R5d7 24. Rc5 a6 25. Rce5 Rxe8 26. Rxe8 Qd5
27. a3 Rc7 28. Qe3 Kg7 29. Ng5 Rc4 30. Nf3 Bd6 31. g3 Qc6 32. Qe4 Rc1+ 33. Kg2
Qc4 34. Qe2 Qc6 35. Qe4 Qc4 1/2-1/2